<?xml version="1.0" encoding="UTF-8"?>
<collection xmlns="http://www.loc.gov/MARC21/slim">
<record>
  <controlfield tag="001">160524</controlfield>
  <controlfield tag="005">20250904104815.0</controlfield>
  <datafield tag="037" ind1=" " ind2=" ">
    <subfield code="a">GDOC-2024-68427</subfield>
  </datafield>
  <datafield tag="970" ind1=" " ind2=" ">
    <subfield code="a">GDOC-2024-68427</subfield>
  </datafield>
  <datafield tag="041" ind1=" " ind2=" ">
    <subfield code="a">spa</subfield>
  </datafield>
  <datafield tag="041" ind1=" " ind2=" ">
    <subfield code="a">eng</subfield>
  </datafield>
  <datafield tag="540" ind1=" " ind2=" ">
    <subfield code="a">by-nc-sa</subfield>
    <subfield code="b">Creative Commons</subfield>
    <subfield code="c">3.0</subfield>
    <subfield code="u">http://creativecommons.org/licenses/by-nc-sa/3.0/</subfield>
  </datafield>
  <datafield tag="260" ind1=" " ind2=" ">
    <subfield code="a">Zaragoza</subfield>
    <subfield code="b">Universidad de Zaragoza</subfield>
    <subfield code="c">2024-2025</subfield>
  </datafield>
  <datafield tag="245" ind1="0" ind2="0">
    <subfield code="9">68427</subfield>
    <subfield code="a">Iniciación a la investigación en pediatría</subfield>
  </datafield>
  <datafield tag="242" ind1="0" ind2="0">
    <subfield code="9">68427</subfield>
    <subfield code="a">Introduction to paeditrics research</subfield>
  </datafield>
  <datafield tag="100" ind1=" " ind2=" ">
    <subfield code="0">(orcid)0000-0002-0902-387X</subfield>
    <subfield code="a">María Gloria Bueno, Lozano</subfield>
    <subfield code="1">121721</subfield>
  </datafield>
  <datafield tag="700" ind1=" " ind2=" ">
    <subfield code="0">(orcid)0000-0003-2832-2266</subfield>
    <subfield code="a">José Ignacio Labarta, Aizpun</subfield>
    <subfield code="1">135093</subfield>
  </datafield>
  <datafield tag="700" ind1=" " ind2=" ">
    <subfield code="0">(orcid)0000-0002-5732-2209</subfield>
    <subfield code="a">Feliciano Jesús Ramos, Fuentes</subfield>
    <subfield code="1">385520</subfield>
  </datafield>
  <datafield tag="700" ind1=" " ind2=" ">
    <subfield code="0">(orcid)0000-0002-7985-9912</subfield>
    <subfield code="a">Gerardo Rodríguez, Martínez</subfield>
    <subfield code="1">321782</subfield>
  </datafield>
  <datafield tag="700" ind1=" " ind2=" ">
    <subfield code="0">(orcid)0000-0001-5492-3191</subfield>
    <subfield code="a">María Pilar Samper, Villagrasa</subfield>
    <subfield code="1">387247</subfield>
  </datafield>
  <datafield tag="830" ind1=" " ind2=" ">
    <subfield code="9">530</subfield>
  </datafield>
  <datafield tag="856" ind1="4" ind2=" ">
    <subfield code="s">7673</subfield>
    <subfield code="u">http://zaguan.unizar.es/record/160524/files/guia-68427-en.pdf</subfield>
    <subfield code="y">Guide (english)</subfield>
  </datafield>
  <datafield tag="856" ind1="4" ind2=" ">
    <subfield code="s">8109</subfield>
    <subfield code="u">http://zaguan.unizar.es/record/160524/files/guia-68427-es.pdf</subfield>
    <subfield code="y">Guía (idioma español)</subfield>
  </datafield>
  <datafield tag="521" ind1=" " ind2=" ">
    <subfield code="9">624</subfield>
    <subfield code="a">Máster Universitario en Iniciación a la Investigación en Medicina</subfield>
    <subfield code="b">Master's in Introduction to Medical Research</subfield>
  </datafield>
  <datafield tag="980" ind1=" " ind2=" ">
    <subfield code="a">GDOC</subfield>
    <subfield code="b">Health Sciences</subfield>
    <subfield code="b">Ciencias de la Salud</subfield>
    <subfield code="c">104</subfield>
  </datafield>
</record>
</collection>